LEADER 02758nam 22006254a 450 001 9910457601803321 005 20220105193947.0 010 $a1-280-11358-8 010 $a0-203-98678-4 035 $a(CKB)1000000000360297 035 $a(EBL)240422 035 $a(OCoLC)475953578 035 $a(SSID)ssj0000163425 035 $a(PQKBManifestationID)11162790 035 $a(PQKBTitleCode)TC0000163425 035 $a(PQKBWorkID)10106689 035 $a(PQKB)10939500 035 $a(MiAaPQ)EBC240422 035 $a(Au-PeEL)EBL240422 035 $a(CaPaEBR)ebr10166506 035 $a(CaONFJC)MIL11358 035 $a(EXLCZ)991000000000360297 100 $a20021011d2003 uy 0 101 0 $aeng 135 $aur|n|---||||| 181 $ctxt 182 $cc 183 $acr 200 00$aGlobal Japan$b[electronic resource] $ethe experience of Japan's new immigrant and overseas communities /$fedited by Roger Goodman ... [et al.] 210 $aLondon ;$aNew York $cRoutledgeCurzon$d2003 215 $a1 online resource (254 p.) 300 $aDescription based upon print version of record. 311 $a0-415-54626-5 311 $a0-415-29741-9 320 $aIncludes bibliographical references and index. 327 $aBook Cover; Title; Copyright; Contents; Figures; Tables; Contributors; Acknowledgements; 1 The experience of Japan's new migrants and overseas communities in anthropological, geographical, historical...; Part I Comparative context; Part II Japanese overseas communities; Part III Japan's new migrant groups; Index 330 $aThe Japanese have long regarded themselves as a homogenous nation, clearly separate from other nations. However, this long-standing view is being undermined by the present international reality of increased global population movement. This has resulted in the establishment both of significant Japanese communities outside Japan, and of large non-Japanese minorities within Japan, and has forced the Japanese to re-conceptualise their nationality in new and more flexible ways.This work provides a comprehensive overview of these issues and examines the context of immigration to and emigration f 606 $aJapanese$zForeign countries 606 $aNoncitizens$zJapan 606 $aIntercultural communication 607 $aJapan$xEmigration and immigration 608 $aElectronic books. 615 0$aJapanese 615 0$aNoncitizens 615 0$aIntercultural communication. 676 $a304.8/52 686 $a74.94$2bcl 701 $aGoodman$b Roger$f1960-$0790446 801 0$bMiAaPQ 801 1$bMiAaPQ 801 2$bMiAaPQ 906 $aBOOK 912 $a9910457601803321 996 $aGlobal Japan$92289833 997 $aUNINA LEADER 01150nam0 22002891i 450 001 UON00128913 005 20231205102748.172 100 $a20020107d1978 |0itac50 ba 101 $aper 102 $aIN 105 $a|||| 1|||| 200 1 $aGUNYATU'L-Munya$f[edito da] Sahab Sarmadi 205 $aDelhi : Ananda Jaisingh Asia Publishing House$b1978 210 $a114$d21, 7 p. ; 20 cm 215 $aAltro frontespizio$cGhunyat-ul-Munya The earliest known Persian work on Indian Music 510 1$3UON00367589$aGhunyat-ul-Munya 606 $aMUSICA INDIANA$3UONC004712$2FI 620 $aIN$dNew Delhi$3UONL000110 686 $aSI IX H$cSUBCONT. INDIANO - ARTI - MUSICA, TEATRO, CINEMA, DANZA$2A 702 1$aSARMADI$bSahab$3UONV079352 712 $aAsia Publishing House$3UONV246496$4650 801 $aIT$bSOL$c20240220$gRICA 899 $aSIBA - SISTEMA BIBLIOTECARIO DI ATENEO$2UONSI 912 $aUON00128913 950 $aSIBA - SISTEMA BIBLIOTECARIO DI ATENEO$dSI SI IX H 034 $eSI SA 25071 7 034 996 $aGUNYATU'L-Munya$91319648 997 $aUNIOR